|
|
|
|
| LEADER |
00000nab a2200000uu 4500 |
| 001 |
vtls011150152 |
| 003 |
SK-MaSNL |
| 005 |
20260305000509.0 |
| 008 |
230131|2013 xo |||||||||||||||||slo| |
| 015 |
|
|
|a SNBRB
|
| 035 |
|
|
|a (urnnbn)urn:nbn:sk:snk:ar-a09zpz
|
| 035 |
|
|
|a (uuid)a26f48d2-a137-4a18-8b2d-c8463fd2172d
|
| 035 |
|
|
|a urn:nbn:sk:snk-abazvd
|
| 040 |
|
|
|a SNKBUCL
|b slo
|c SNKBUCL
|e AACR2
|
| 041 |
0 |
|
|a slo
|
| 044 |
|
|
|a xo
|c SK
|
| 100 |
1 |
|
|a Mokáň, Marián,
|d 1957-
|4 aut
|9 106742
|
| 245 |
1 |
0 |
|a Metabolický syndróm a prediabetické stavy
|c Marián Mokáň, Michal Mokáň, P. Galajda
|
| 700 |
1 |
|
|a Mokáň, Michal,
|d 1988-
|4 aut
|9 188082
|
| 700 |
1 |
|
|a Galajda, Peter,
|d 1960-
|4 aut
|9 195289
|
| 773 |
0 |
|
|t Vnitřní lékařství : časopis Internistické sekce Československé lékařské společnosti J. E. Purkyně
|g Roč. 59, č. 6 (2013), s. 453-458
|
| 954 |
|
|
|a odborná, vedecká literatúra pôvodná (slovenská)
|2 lita
|
| 958 |
|
|
|a OND
|
| 958 |
|
|
|a EUIPO
|
| 958 |
|
|
|a article14
|
| 999 |
|
|
|c 3214053
|d 3215983
|